000 00328nam a22001337a 4500
008 170627b xxu||||| |||| 00| 0 eng d
020 _a9780815715214
041 _aeng
080 _a324
100 _a21
101 _aSHP
245 _aGROWING PAINS RUSSIAN DEMOCRACY AND ELECTION OF 1993
_cCOLTON.T.J
942 _2udc
_cBK
999 _c19120
_d19120